000 00569nam a2200193 a 4500
005 20140310183459.0
008 091203s19uu xx 00 eng d
020 _a9781584505037
050 _aQA 76.76.C672
_b.C447 2007
100 _aChandler, Rafael.
245 _aGame writing handbook /
_cRafael Chandler.
260 _aBoston, Massachusetts :
_bCharles River Media,
_c2007.
300 _a295 p. :
_bill. ;
_c25 cm.
521 _aMA
650 _aComputer games.
_xProgramming.
650 _aComputer games
_xDesign.
942 _cBK
_2lcc
_kFOR
999 _c23812
_d23812